Tribunal Supremo de Justicia

Bibliographic Details
Format: Unknown
Language:Spanish
Published: [Puerto Rico]: [s.n.]
Subjects:
Online Access:Acceso restringido

MARC

LEADER 00000ny a22000003n 4500
005 20110510123531.0
008 100414s20009999pr z s 000 a spa d
035 |a 2070 
040 |a BUS  |d vLex 
090 |c 1522  |d 1522 
245 3 0 |a Tribunal Supremo de Justicia  |h [Recurso electrn̤ico] 
256 |a Servicio en ln̕ea 
260 |a [Puerto Rico]:  |b [s.n.] 
650 0 4 |a Sentencias  |x Publicaciones perid̤icas 
650 0 4 |a Tribunales Superiores de Justicia  |z Puerto Rico  |x Publicaciones perid̤icas 
740 0 |a vLex Revista (Servicios en ln̕ea) 
843 |a Electrn̤ica. Abierta 
853 |8 1  |i (year)  |j (month)  |k (day) 
856 4 0 |z Acceso restringido  |u http://vlex.com/source/tribunal-supremo-justicia-2070 
942 |c REV